| 000 | 00838cam a2200193 4500 | ||
|---|---|---|---|
| 001 | WS104717 | ||
| 008 | 000000n 000 0 eng u | ||
| 035 | _a(Sirsi) u104717 | ||
| 245 | _aEuropean Forecasting Group for the Construction Sector | ||
| 520 | _aWeb site for this organisation which has extensive experience in the analysis and forecasting of construction market trends in Europe. It includes 19 economic and technical research institutes in Western and Central Europe. Includes details of events, publications and projections. | ||
| 650 | _aEUROCONSTRUCT | ||
| 650 | _aEUROPE | ||
| 650 | _aFORECASTING | ||
| 650 | _aINTERNATIONAL | ||
| 650 | _aCONSTRUCTION INDUSTRY | ||
| 690 | _aBUILT ENVIRONMENT | ||
| 856 | 4 | 0 |
_uhttps://www.euroconstruct.com/ _zView the website free of charge at www.euroconstruct.com/... |
| 942 | _n0 | ||
| 999 |
_c119449 _d119449 |
||